El regionalismo ante el nacionalismo y el imperialismo modernos en la formación de los estados (Record no. 180000)

MARC details
000 -LEADER
campo de control de longitud fija 00720nam a2200181 i 4500
001 - NÚMERO DE CONTROL
campo de control 180000
003 - IDENTIFICADOR DE NÚMERO DE CONTROL
campo de control ES-MaACL
005 - FECHA Y HORA DE LA ÚLTIMA TRANSACCIÓN
campo de control 20240221063034.0
008 - DATOS DE LONGITUD FIJA--INFORMACIÓN GENERAL
campo de control de longitud fija 120314s1908 sp |||| | spa d
100 1# - ENTRADA PRINCIPAL--NOMBRE DE PERSONA
Nombre de persona Gay, Vicente,
Fechas asociadas al nombre 1876-1949
9 (RLIN) 56113
245 13 - MENCIÓN DEL TÍTULO
Título El regionalismo ante el nacionalismo y el imperialismo modernos en la formación de los estados
Resto del título : discurso pronunciado en el Círculo Liberal de Valladolid el día 25 de marzo de 1908 /
Mención de responsabilidad, etc. por Vicente Gay.
260 ## - PUBLICACIÓN, DISTRIBUCIÓN, ETC.
Lugar de publicación, distribución, etc. Valladolid :
Nombre del editor, distribuidor, etc. [s.n.],
Fecha de publicación, distribución, etc. 1908 (
Fabricante Impr. Castellana)
300 ## - DESCRIPCIÓN FÍSICA
Extensión 36 p. ;
Dimensiones 22 cm.
650 04 - PUNTO DE ACCESO ADICIONAL DE MATERIA--TÉRMINO DE MATERIA
Término de materia o nombre geográfico como elemento de entrada Regionalismo.
9 (RLIN) 16746
710 2# - ENTRADA AGREGADA--NOMBRE DE ENTIDAD CORPORATIVA
Nombre de entidad corporativa o nombre de jurisdicción como elemento de entrada Círculo Liberal de Valladolid.
9 (RLIN) 149605
852 ## - LOCALIZACIÓN
Ubicación ES-MaACL
Número de control de estantería T-726-F-7
Holdings
Estatus retirado Estado de pérdida Estado de daño No para préstamo Colección Biblioteca de origen Biblioteca actual Ubicación en estantería Fecha de adquisición Fuente de adquisición Total de préstamos Signatura topográfica completa Código de barras Visto por última vez Precio de reemplazo Tipo de ítem Koha
        Colección de folletos Biblioteca del Ateneo de Madrid Biblioteca del Ateneo de Madrid Depósito folletos 14/03/2012     T-726-F-7 1189109 23/02/2023 23/02/2023 Folleto